000 00662nam a2200241Ia 4500
005 20260430150334.0
008 008 250103s9999 xx 000 0 eng d
037 _aTheses
040 _aCRL
040 _beng
040 _ceng
041 _2eng
041 _aeng
084 _qCRL
100 _aKhurana Sanyyam Au.; Shahi Sudhir A. Gu.
_91237190
245 0 _aEssays on the Theory of Auctions the Implications of Perturbing the Standard Model
260 _c2022
300 _a122p.
650 _aEconomics
700 _aUniversity of Delhi. Faculty of Social Sciences. Deptt. of Economics
_91237187
942 _cTH
999 _c1849546
_d1849546